US States without the letters A-M-E-R-I-C-A in its name - Statistics

General Stats
  • This quiz has been taken 114 times
  • The average score is 36 of 50
Answer Stats
State * % Correct
Idaho Dho
91%
Florida Flod
88%
Georgia Geog
87%
Kentucky Kntuky
87%
New Hampshire Nw Hpsh
87%
Nevada Nvd
85%
Delaware Dlw
84%
Kansas Knss
84%
New Jersey Nw Jsy
81%
North Dakota Noth Dkot
79%
Ohio Oho
79%
Nebraska Nbsk
78%
New York Nw Yok
78%
West Virginia Wst Vgn
78%
Louisiana Lousn
76%
Oregon Ogon
76%
Hawaii Hw
75%
Pennsylvania Pnnsylvn
75%
South Dakota South Dkot
75%
Massachusetts Sshustts
73%
Oklahoma Oklho
73%
Tennessee Tnnss
73%
Texas Txs
73%
Utah Uth
73%
Virginia Vgn
73%
Wyoming Wyong
73%
Arkansas Knss
72%
Mississippi Sssspp
72%
South Carolina South Oln
72%
Washington Wshngton
72%
Maine N
70%
Vermont Vont
70%
Wisconsin Wsonsn
70%
New Mexico Nw xo
69%
Missouri Ssou
67%
Connecticut Onntut
66%
North Carolina Noth Oln
66%
Rhode Island Hod Slnd
66%
Alaska Lsk
64%
Colorado Olodo
64%
Arizona Zon
63%
Montana Ontn
63%
California Lfon
58%
Iowa Ow
57%
Michigan Hgn
57%
Indiana Ndn
54%
Maryland Ylnd
54%
Illinois Llns
52%
Minnesota Nnsot
52%
Alabama Lb
51%
No matching quizzes found
Score Distribution
Percent of People with Each Score
Percentile by Number Answered
Your Score History
You have not taken this quiz